00222nam a2200085Ia 4500001000800000005001700008008004100025245004900066260002100115125081420251031150903.0251031s9999 xx 000 0 und d 0cHALUK TATARaH-5 ZAFER SIZLANARAK KAZANILMAZ bDESTEK YAYINLARI